|
|
|
|
| LEADER |
00000nab a2200000ua 4500 |
| 001 |
vtls010780556 |
| 003 |
SK-MaSNL |
| 005 |
20260303102807.0 |
| 008 |
230121s1976 xo |||||||||||||||||slo| |
| 035 |
|
|
|a (urnnbn)urn:nbn:sk:snk:ar-00444o
|
| 035 |
|
|
|a (uuid)8bd1487b-c933-49e8-8478-7c989e9a6e10
|
| 035 |
|
|
|a urn:nbn:sk:snk-ab4xnj
|
| 040 |
|
|
|a SNKBUCL
|b slo
|c SNKBUCL
|e AACR2
|
| 041 |
0 |
|
|a slo
|
| 044 |
|
|
|a xo
|c SK
|
| 100 |
1 |
|
|a Mátej, J.
|4 aut
|9 643616
|
| 245 |
1 |
0 |
|a Karl-Heinz Günther - Gottfried Uhlig: GESCHICHTE DER SCHULE IN DER DEUTSCHEN DEMOKRATISCHEN REPUBLIK 1945-1971.
|c J. Mátej
|
| 773 |
0 |
|
|t Jednotná škola : časopis pre otázky pedagogickej teórie, praxe a psychológie
|g Roč. 28, č. 1 (1976), s. 83-86
|
| 954 |
|
|
|a odborná, vedecká literatúra pôvodná (slovenská)
|2 lita
|
| 958 |
|
|
|a OND
|
| 958 |
|
|
|a EUIPO
|
| 958 |
|
|
|a article3
|
| 999 |
|
|
|c 1845021
|d 1846951
|